Problems in electronics with solutions (Record no. 545605)
[ view plain ]
| 000 -LEADER | |
|---|---|
| fixed length control field | 00499cam a2200157 4500 |
| 082 00 - DEWEY DECIMAL CLASSIFICATION NUMBER | |
| Classification number | 621.381 |
| Author Mark | BEN |
| -- | L-11, P-22 |
| 100 1# - MAIN ENTRY--PERSONAL NAME | |
| Personal name | Benson, F. A. |
| 9 (RLIN) | 41142 |
| 245 10 - TITLE STATEMENT | |
| Title | Problems in electronics with solutions |
| Statement of responsibility, etc. | [by] F. A. Benson. |
| 250 ## - EDITION STATEMENT | |
| Edition statement | 3rd ed. |
| 260 ## - PUBLICATION, DISTRIBUTION, ETC. | |
| Place of publication, distribution, etc. | London, |
| Name of publisher, distributor, etc. | E&F.N. Spon ltd |
| Date of publication, distribution, etc. | 1958. |
| 300 ## - PHYSICAL DESCRIPTION | |
| Extent | xiii, 265 p. |
| Other physical details | diagrs. |
| Dimensions | 22 cm. |
| 490 0# - SERIES STATEMENT | |
| Series statement | Science paperbacks, |
| 526 ## - STUDY PROGRAM INFORMATION NOTE | |
| Program name | 0 |
| Interest level | 0 |
| Reading level | 0 |
| Title point value | 621_381000000000000_BEN |
| 650 #0 - SUBJECT ADDED ENTRY--TOPICAL TERM | |
| Topical term or geographic name entry element | Electronics |
| General subdivision | Problems, exercises, etc. |
| 9 (RLIN) | 41512 |
| 942 ## - ADDED ENTRY ELEMENTS (KOHA) | |
| Source of classification or shelving scheme | |
| Koha item type | Book |
| Withdrawn status | Lost status | Source of classification or shelving scheme | Damaged status | Not for loan | Permanent Location | Current Location | Date acquired | Total Checkouts | Full call number | Barcode | Date last seen | Price effective from | Koha item type |
|---|---|---|---|---|---|---|---|---|---|---|---|---|---|
| Military College of Engineering (MCE) | Military College of Engineering (MCE) | 05/27/2014 | 621.381 BEN | MCE-2126 | 05/27/2014 | 05/27/2014 | Book |
